书目信息 |
| 题名: |
管理系统中计算机应用
|
|
| 作者: | 汪星明 主编 | |
| 分册: | ||
| 出版信息: | 武汉 武汉大学出版社 1997 |
|
| 页数: | 338页 | |
| 开本: | 20cm | |
| 丛书名: | ||
| 单 册: | ||
| 中图分类: | F224-39 | |
| 科图分类: | 29.185 | |
| 主题词: | 计算机应用--经济管理--高等教育--教材 | |
| 电子资源: | ||
| ISBN: | 7-307-02410-1 | |
| 000 | 00748n|m0 2200253 450 | |
| 001 | 0102705791 | |
| 005 | 20121116170000.0 | |
| 010 | @a7-307-02410-1@dCNY11.70 | |
| 011 | @a7-307-02410-1 | |
| 100 | @a20021005d1997 em y0chiy0110 ea | |
| 101 | 0 | @achi |
| 102 | @aCN@b420000 | |
| 105 | @ay z 000yy | |
| 135 | @adrbn ---auuuu | |
| 200 | 1 | @a管理系统中计算机应用@9Guan Li Xi;Ji Tong Zhong Ji Suan Ji Ying Yong @f汪星明主编@b电子资源.图书 |
| 210 | @a武汉@c武汉大学出版社@d1997 | |
| 215 | @a338页@d20cm | |
| 325 | @a电子复制品 | |
| 606 | 0 | @a计算机应用@x经济管理@x高等教育@x教材 |
| 690 | @aF224-39@v3 | |
| 692 | @a29.185@v2 | |
| 701 | 0 | @a汪星明@9wang xing ming@4主编 |
| 801 | 0 | @aCN@bAZmarc@c20230904 |
| 905 | @dF224@e13@f2@sF224/13@aBZT | |
| 管理系统中计算机应用/汪星明主编[电子资源.图书].-武汉:武汉大学出版社,1997 |
| 338页;20cm |
| ISBN 7-307-02410-1:CNY11.70 |
| ● |
| 相关链接 |
|
|
|
正题名:管理系统中计算机应用
索取号:F224/13
 
预约/预借
| 序号 | 登录号 | 条形码 | 馆藏地/架位号 | 状态 | 备注 |
| 1 | 2000104595 | 2000104595 | 旧书回溯/ [索取号:F224/13] | 在馆 | |
| 2 | 2000104596 | 2000104596 | 旧书回溯/ [索取号:F224/13] | 在馆 |